Pays du monde et pluriel - Statistiques

Statistiques générales
  • Ce quiz a été pris 32 fois
  • Le résultat moyen est 80 sur 174
Statistiques - réponses
Hint Réponse % Correct
Ghana Non
100%
Népal Non
68%
Libye Non
64%
Nigeria Non
61%
Autriche Non
57%
Kenya Non
57%
Allemagne Non
57%
Guinée-Bissau Non
57%
Bosnie-Herzégovine Non
57%
Maroc Non
57%
Guinée Équatoriale Non
57%
Indonésie Non
57%
Danemark Non
57%
Venezuela Non
57%
Irak Non
57%
Ouzbékistan Non
57%
Kazakhstan Non
57%
Nauru Non
54%
Kirghizistan Non
54%
Mongolie Non
54%
Lesotho Non
54%
Mauritanie Non
54%
Namibie Non
54%
Australie Non
54%
Espagne Non
54%
Malaisie Non
54%
Pakistan Non
54%
Iran Non
54%
Biélorussie Non
54%
Belgique Non
54%
Israël Non
54%
Pologne Non
54%
Oman Non
54%
Nouvelle-Zélande Non
54%
Monténégro Non
54%
Papouasie-Nouvelle-
Guinée
Non
54%
République Tchèque Non
54%
Norvège Non
54%
Vanuatu Non
54%
Corée du Nord Non
54%
Irlande Non
54%
Afghanistan Non
54%
Roumanie Non
54%
Lituanie Non
54%
Viêt Nam Non
54%
Bahreïn Non
54%
Yémen Non
54%
Luxembourg Non
54%
Niger Non
54%
Arménie Non
54%
Macédoine du Nord Non
54%
Sénégal Non
54%
Liechtenstein Non
54%
Rwanda Non
54%
République du Congo Non
54%
Azerbaïdjan Non
54%
Turquie Non
54%
Moldavie Non
54%
Sao Tomé-et-Principe Non
54%
Arabie Saoudite Non
54%
Kosovo Non
54%
Ouganda Non
54%
Lettonie Non
54%
République Centrafricaine Non
54%
Bhoutan Non
54%
Italie Non
54%
Suisse Oui
54%
Kiribati Non
50%
Liberia Non
50%
Mozambique Non
50%
Albanie Non
50%
Madagascar Non
50%
Koweït Non
50%
Liban Non
50%
Jordanie Non
50%
Égypte Non
50%
Croatie Non
50%
Portugal Non
50%
Corée du Sud Non
50%
Russie Non
50%
Géorgie Non
50%
Tuvalu Non
50%
Royaume-Uni Non
50%
Sierra Leone Non
50%
République Démocratique
du Congo
Non
50%
Islande Non
50%
Panama Oui
50%
Andorre Non
46%
Bulgarie Non
46%
Turkménistan Non
46%
Eswatini Non
46%
Hongrie Non
46%
Timor Oriental Non
46%
Bangladesh Non
46%
Tunisie Non
46%
Estonie Non
46%
Finlande Non
46%
Thaïlande Non
46%
Zambie Non
46%
Zimbabwe Non
46%
Guyana Non
46%
Brunei Non
46%
Taïwan Non
46%
Togo Non
46%
Guatemala Non
46%
Paraguay Non
46%
Angola Non
46%
Pérou Non
46%
Tchad Non
46%
Myanmar Non
46%
Colombie Non
46%
Uruguay Non
46%
Tadjikistan Non
46%
Afrique du Sud Non
46%
Tanzanie Non
46%
Bolivie Non
46%
Syrie Non
46%
Sri Lanka Non
46%
Algérie Non
46%
Djibouti Non
46%
Singapour Non
46%
Cambodge Non
46%
Slovénie Non
46%
Slovaquie Non
46%
Burkina Faso Non
46%
Belize Non
46%
Serbie Non
46%
Botswana Non
46%
Gabon Non
46%
Qatar Non
46%
Burundi Non
46%
Ukraine Non
46%
Éthiopie Non
46%
Saint-Marin Non
46%
Cameroun Non
46%
Soudan du Sud Non
46%
Malawi Non
43%
Fidji Non
43%
Érythrée Non
43%
Grèce Non
43%
Jamaïque Non
43%
Haïti Non
43%
Antigua-et-Barbuda Non
43%
Costa Rica Non
43%
Côte d'Ivoire Non
43%
Cap-Vert Non
43%
Gambie Non
43%
Barbade Non
43%
Samoa Non
39%
Tonga Non
39%
Suède Oui
36%
Maurice Non
32%
France Non
32%
Dominique Non
32%
Mali Oui
32%
Grenade Oui
25%
Equateur Oui
21%
Vatican Oui
18%
Somalie Oui
18%
Chili Oui
18%
Argentine Oui
18%
Chine Oui
18%
Soudan Oui
14%
Guinée Oui
14%
Monaco Oui
14%
Canada Oui
14%
Japon Oui
11%
Inde Oui
11%
Malte Oui
11%
Bénin Oui
11%
Chypre Oui
7%
Brésil Oui
4%
Cuba Oui
4%
Suriname Oui
0%
Aucun quiz correspondant
Distribution des résultats
% des personnes avec chaque résultat
Percentile par nombre de réponses
Votre historique - résultats
Vous n’avez pas pris ce quiz